| 000 | 00991nam a22003017a 4500 | ||
|---|---|---|---|
| 001 | BR0805982 | ||
| 003 | BR-BrBNA | ||
| 005 | 20230928102715.0 | ||
| 007 | ta | ||
| 008 | 230509b bl.||||| |||| 00| 0 por d | ||
| 040 |
_aBR-BrBNA _bpor _cBiblioteca Nacional de Agricultura |
||
| 041 | _a(Por) | ||
| 072 |
_aL73 _b5212 _b4110 |
||
| 090 | _ 5212 BR0805982 | ||
| 100 | 1 | _aTocantins, S. | |
| 110 | 1 |
_aUniversidade Federal de Minas Gerais, Belo Horizonte (Brasil). Escola de Veterinária _0Tese (Doutor em Ciência Animal) |
|
| 245 | 1 | _aDistribuição espacial da prevalência de aglutininas anti-leptospira em bovinos em Cáceres, MT, Brasil, 2005 | |
| 260 | 3 |
_aBelo Horizonte, MG (Brasil): _c2007. |
|
| 300 | _a81 p. | ||
| 500 | _aSummaries (Eng, Por); Bibliography p. 71-75; 14 tables; 33 illus. | ||
| 650 | _aBOVINO | ||
| 650 | _aLEPTOSPIROSE | ||
| 650 | _aBACTÉRIA | ||
| 650 | _aAGLUTININA | ||
| 650 | _aMATO GROSSO | ||
| 909 |
_a202309 _bLucia _c55 _dLucia Elande |
||
| 942 | _cBK | ||
| 999 |
_c72127 _d72127 |
||